Countries of Middle East - sudden death - Statistics

General Stats
  • This quiz has been taken 86 times
  • The average score is 9 of 16
Answers on the Grid
Answers color-coded by a green-red scale on the quiz's grid according to % correct below.
Greece
Cyprus
Georgia
Turkey
Iraq
Azerbaijan
Egipt
Sudan
Saudi Arabia
Iran
Qatar
Russia
Pakistan
Oman
Yemen
Eritrea
United Arab Emirates
Libya
North Macedonia
Bahrain
Israel
Jordan
Bulgaria
Seychelles
Kuwait
Libanon
Siria
 
Answer Stats
Answer % Correct
Iraq
79%
Iran
68%
Qatar
68%
Turkey
64%
Oman
61%
Saudi Arabia
61%
United Arab Emirates
61%
Yemen
61%
Egipt
57%
Israel
57%
Jordan
57%
Kuwait
57%
Bahrain
54%
Cyprus
46%
Libanon
46%
Siria
43%
No matching quizzes found
Score Distribution
Percent of People with Each Score
Percentile by Number Answered
Your Score History
You have not taken this quiz